Populous Countries Minefield Quiz Stats

 Plays Quiz Updated Feb 13, 2019

Support Sporcle.
Go Orange.
Score 0/25 Timer 05:00
19 Plays Today
% Correct
???
95.9%
???
90.5%
???
89.7%
???
89.6%
???
88.6%
???
87.6%
???
82.7%
???
80.8%
???
79.8%
???
77.7%
???
77.2%
???
75.6%
???
74.5%
% Correct
???
71.7%
???
71.1%
???
69.8%
???
64.6%
???
63.8%
???
63.1%
???
61.3%
???
61.2%
???
58.8%
???
58.5%
???
57%
???
51.7%

You're not logged in!

Compare scores with friends on all Sporcle quizzes.
OR
Log In

From the Vault

3 Hits, 1 Click: 2000s

by ghcgh

No, Britney, we will not give you another hit, baby, one more time. You already had your three hits in the 2000s.
Remove Ads.
Support Sporcle.
Get the best of Sporcle when you Go Orange. This ad-free experience offers more features, more stats, and more fun while also helping to support Sporcle. Thank you for becoming a member.

Show Comments

Extras

Top Quizzes Today


Score Distribution

Your Account Isn't Verified!

In order to create a playlist on Sporcle, you need to verify the email address you used during registration. Go to your Sporcle Settings to finish the process.

Report this User

Report this user for behavior that violates our Community Guidelines.

Details: